00000000nam 2200000zi 4500
0019.933936
003CaOODSP
00520240627144944
006m     o  d f      
007cr |n|||||||||
008240202e199203##qucda   ob   f|0| 0 fre d
040 |aCaOODSP|bfre|erda|cCaOODSP
041 |afre|bfre|beng
043 |an-cn-qu
0861 |aEn154-377/1992F-PDF
1001 |aBouchard, André, |d1964- |eauteur.
24510|aÉvolution temporelle de la qualité de l'eau des lacs du sud du Québec soumis aux pluies acides / |cAndré Bouchard ; rédigé pour la Direction des eaux intérieures, Centre Saint-Laurent, Conservation et Protection, Région du Québec, Environnement Canada.
264 1|a[Montréal] : |bEnvironnement Canada, |cmars 1992.
300 |a1 ressource en ligne (2 volumes) : |bgraphiques, illustrations
336 |atexte|btxt|2rdacontent/fre
337 |ainformatique|bc|2rdamedia/fre
338 |aressource en ligne|bcr|2rdacarrier/fre
500 |aÉdition numérisée de l’imprimé [par Environnement et changement climatique Canada].
504 |aComprend des références bibliographiques.
5050 |aV.1. Rapport interpretatif. -- V.2. Base de données.
546 |aComprend un résumé en anglais.
650 0|aAcid rain|xEnvironmental aspects|zQuébec (Province)
650 0|aAcid pollution of rivers, lakes, etc.|zQuébec (Province)
650 0|aWater quality|zQuébec (Province)
650 6|aPluies acides|xAspect de l'environnement|zQuébec (Province)
650 6|aPollution acide des cours d'eau, lacs, etc.|zQuébec (Province)
650 6|aEau|xQualité|zQuébec (Province)
7101 |aCanada. |bEnvironnement Canada. |bRégion du Québec, |eorganisme de publication.
7102 |aCentre Saint-Laurent, |eorganisme de publication.
85640|qPDF|s5.25 Mo|uhttps://publications.gc.ca/collections/collection_2024/eccc/en154/En154-377-1992-1-fra.pdf|zVolume 1
85640|qPDF|s4.90 Mo|uhttps://publications.gc.ca/collections/collection_2024/eccc/en154/En154-377-1992-2-fra.pdf|zVolume 2